Najpopularniejsze rasy psow . - Statystyki

Ogólne statystyki
  • Ten quiz został rozwiązany 1 790 razy
  • Średni wynik to 4 z 15
Statystyki odpowiedzi
MIEJSCE RASA % Poprawnych
2 Owczarek Niemiecki
89%
1 Labrador
52%
11 Jamnik
46%
4 Buldog Francuski
35%
6 Pudel
32%
3 Golden Retriever
30%
9 Border Collie
24%
5 Buldog Angielski
22%
12 Yorkshire Terrier
17%
7 Beagle
16%
14 Bokser
16%
8 Rottweiler
9%
10 Corgi
8%
15 Syberian Husky/Alaskan Malamute
2%
13 Owczarek Szkocki Collie
1%
Nie znaleziono quizów pasujących do podanych kryteriów
Rozkład punktacji
Procent ludzi z każdym wynikiem
Percentyl według liczby udzielonych odpowiedzi
Twoja historia wyników
Nie rozwiązałeś tego quizu